000 00479nam a2200181 a 4500
001 8049
003 CO-ViMGA
008 141112s2004 ck r 000 u spa d
020 _a8428319391
040 _aCO-ViMGA
_bspa
_cCO-ViMGA
082 0 4 _a513.5 P377s
100 1 _aFerrer Muñoz, Jose Luis
_97684
245 1 0 _aSistema Diedrico :
_bDiseño y Proyecto
260 _aMadríd (E),
_cParaninfo,
_c1995
300 _a172.p.
650 1 4 _aSISTEMA DIEDRICO
_97685
942 _2ddc
_cBK
999 _c19871
_d19871